Wahr oder falsch? - Altes Ägypten - Statistiken

Allgemein
  • Dieses Quiz wurde 105 mal gespielt
  • Das Durchschnittsergebnis liegt bei 9 aus 15
Antwortstatistiken
Frage Antwort % Korrekt
Wir wissen heute ganz genau, in welchem Jahr was im alten Ägypten passiert ist. Falsch
89%
Nahezu alle Ägypter konnten Hieroglyphen lesen und schreiben. Falsch
89%
Die alten Ägypter legten zu den Toten Schmuckstücke und Parfüm ins Grab. Wahr
84%
Der Pharao wurde als Gott angesehen. Wahr
84%
Das altägyptische Spiel "Senet" war den Spielen "Backgammon" und "Mensch ärgere Dich nicht" ähnlich. Wahr
82%
Die erste Nilkreuzfahrt fand bereits vor über 150 Jahren statt. Wahr
79%
Wohnhäuser wurden aus Nilschlamm gebaut. Wahr
76%
Die alten Ägypter hielten nicht nur Hunde und Katzen als Haustiere, sondern auch Paviane. Wahr
66%
War ein Pharao einmal auf dem Thron, musste er nie wieder seine Macht unter Beweis stellen. Falsch
53%
Der letzte einheimische Pharao starb über 300 Jahre vor der Eingliederung Ägyptens in das Römische Reich. Wahr
53%
Viele erwachsene Ägypter trugen ihr Haar schulterlang. Falsch
39%
Imhotep war ein Hohepriester, der erfolglos versuchte, den Pharao zu stürzen und wurde dafür lebendig begraben und verflucht. Falsch
39%
Mumifizierungen konnte sich nur wohlhabende Ägypter leisten. Falsch
29%
Kein Pharao regierte länger als Ramses II. (reg. 1279-1213 v.Chr.). Falsch
18%
Die Hohepriester waren nach dem Pharao die mächtigsten Männer in Ägypten. Falsch
13%
Keine übereinstimmenden Quizze gefunden
Verteilung der Resultate
Anzahl Personen mit jedem Resultat
Perzentil nach korrekt beantworteten Fragen
Ihre Resultats-Entwicklung
Sie haben dieses Quiz noch nicht gespielt